00358nam a22001337a 450000500170000000800410001704100120005808200130007010000120008324500390009526000340013430000310016865000250019920240820063444.0240820b |||||||| |||| 00| 0 eng d aEnglish a349 LAW  lEnglish aThe Law Reports: Probate Division  aLondon: bThe Council, c1936 bxvii, 224 pages; c25 cm.  aLegal practice bLaw